吾爱吾乡. 吾爱吾土 (Record no. 18699)

000 -LEADER
fixed length control field 00442nam a22001817a 4500
003 - CONTROL NUMBER IDENTIFIER
control field MPLRDC
005 - DATE AND TIME OF LATEST TRANSACTION
control field 20220104124345.0
008 - FIXED-LENGTH DATA ELEMENTS--GENERAL INFORMATION
fixed length control field 210129b ||||| |||| 00| 0 eng d
020 ## - INTERNATIONAL STANDARD BOOK NUMBER
International Standard Book Number 983-9048-09-0
082 ## - DEWEY DECIMAL CLASSIFICATION NUMBER
Classification number 540.7 CYD
100 ## - MAIN ENTRY--PERSONAL NAME
Personal name 陈应德
245 ## - TITLE STATEMENT
Title 吾爱吾乡. 吾爱吾土
Statement of responsibility, etc.
250 ## - EDITION STATEMENT
Edition statement 第一刷
260 ## - PUBLICATION, DISTRIBUTION, ETC.
Place of publication, distribution, etc.
Name of publisher, distributor, etc. 东方企业有限公司
Date of publication, distribution, etc. 1993
300 ## - PHYSICAL DESCRIPTION
Other physical details
650 ## - SUBJECT ADDED ENTRY--TOPICAL TERM
Topical term or geographic name entry element 社会学总论
942 ## - ADDED ENTRY ELEMENTS (KOHA)
Koha item type Book
-- 540.7 CYD
Holdings
Withdrawn status Lost status Source of classification or shelving scheme Damaged status Not for loan Collection code Home library Current library Shelving location Date acquired Cost, normal purchase price Total Checkouts Full call number Barcode Date last seen Date last checked out Price effective from Koha item type Public note
            Malaysian Public Library, Research and Development Centre Malaysian Public Library, Research and Development Centre   10/12/2007 10.00   540.7 CYD 00018766 17/03/2021 10/12/2007 17/03/2021 Book mplrdc

© 2022. Malaysian Public Library, Research and Development Centre. All Right ReservedE-mailmplrdc@help.edu.my 

Powered by Koha